Statistics for Most popular cell phone brands in the world

Click here to take the quiz!

General Stats

  • This quiz has been taken 46 times
  • The average score is 4 of 6

Answer Stats

Brand FeaturesBrand% Correct
It is a cell phone brand of South Korean origin that stands out
due to the technology and appliance market, it is estimated that
22% of the world's population use cell phones of this brand. This
brand stands out in its cell phones for having high quality cameras,
layers of customization, technological innovation and wide range of models.
Samsung
100%
It is a cell phone brand of American origin, about 19% of the
world population have cell phones of this brand. This brand is distinguished by
having cell phones of great value in terms of money, also for having your own
separate operating system due to its ecosystem with other electronic devices,
Alas, they have good updates.
Apple
85%
It is a brand from China, 3.80% of the population uses cell phones of this brand
, in previous years it was very distinguished for its quality and technological innovations,
but since 2019 it was separated from android and google by the US government, leaving
to offer the systems that other brands, but despite that, its innovation and technological capabilities continue.
Huawei
64%
It is a brand of Chinese origin, 13% of the population has a cell phone of this brand.
This brand is mainly known for manufacturing good, high-end cell phones.
at good prices, also for its attractive designs, its large battery capacity,
its processors and variety of models, being one of the cell phone brands
that have risen the most in terms of popularity and sales in recent years.
Xiaomi
62%
It is a brand from China, 8.90% of the population owns a cell phone of this
brand, the most notable characteristics of this brand of cell phones is its powerful
fast charging, its photography approaches and high-quality cameras, its innovations in
screens and improve user experience such as advanced facial recognition.
Oppo
51%
It is a brand from China. 8.30% of the population has a
cell phone of this Asian brand, these cell phones are distinguished by their sound quality,
their collaborations in events and sports, for their approaches to photography and selfies.
Vivo
33%

Score Distribution

Percentile by Number Answered

Percent of People with Each Score

Your Score History

You have not taken this quiz